La organización social de la centralización del capital en Colombia / (Registro nro. 7330)
[ vista simple ]
| 000 -LEADER | |
|---|---|
| fixed length control field | 01263nam a22002537a 4500 |
| 003 - CONTROL NUMBER IDENTIFIER | |
| control field | OSt |
| 005 - DATE AND TIME OF LATEST TRANSACTION | |
| control field | 20210225144112.0 |
| 008 - FIXED-LENGTH DATA ELEMENTS--GENERAL INFORMATION | |
| fixed length control field | 210225s1977 ck d||gr|||| 00| 0 spa d |
| 040 ## - CATALOGING SOURCE | |
| Original cataloging agency | CO-JMCR |
| Transcribing agency | CO-JMCR |
| 041 0# - LANGUAGE CODE | |
| Language code of text/sound track or separate title | spa |
| 082 ## - DEWEY DECIMAL CLASSIFICATION NUMBER | |
| Classification number | 332.041 / |
| Item number | C172o |
| Edition number | 23 |
| 100 1# - MAIN ENTRY--PERSONAL NAME | |
| Personal name | Camacho Guizado, Alvaro, |
| Relator term | autor |
| 9 (RLIN) | 13947 |
| 245 13 - TITLE STATEMENT | |
| Title | La organización social de la centralización del capital en Colombia / |
| Statement of responsibility, etc. | Alvarado Camacho Guizado |
| 250 ## - EDITION STATEMENT | |
| Edition statement | Primera edición |
| 260 ## - PUBLICATION, DISTRIBUTION, ETC. | |
| Place of publication, distribution, etc. | Cali, Colombia : |
| Name of publisher, distributor, etc. | Universidad del Valle, |
| Date of publication, distribution, etc. | 1977 |
| 300 ## - PHYSICAL DESCRIPTION | |
| Extent | 150 páginas : |
| Other physical details | ilustraciones y graficas a blanco y negro ; |
| Dimensions | 21 cm. |
| 505 0# - FORMATTED CONTENTS NOTE | |
| Formatted contents note | Acumulación y centralización -- Tendencias generales de la acumulación y centralización capital en Colombia -- La organización social de la centralización del capital en Colombia (1960-1970) -- Algunas conclusiones generales |
| 520 0# - SUMMARY, ETC. | |
| Summary, etc. | Es esta una obra seria que estudia las características del desarrollo acumulativo del capital en nuestro país, las especificaciones del sistema financiero colombiano y las formas diversas de concentración empresarial. |
| 650 24 - SUBJECT ADDED ENTRY--TOPICAL TERM | |
| Topical term or geographic name entry element | Corporaciones |
| 9 (RLIN) | 543 |
| 650 24 - SUBJECT ADDED ENTRY--TOPICAL TERM | |
| Topical term or geographic name entry element | Condiciones sociales |
| 9 (RLIN) | 13948 |
| 650 24 - SUBJECT ADDED ENTRY--TOPICAL TERM | |
| Topical term or geographic name entry element | Historia económica |
| 9 (RLIN) | 13949 |
| 650 24 - SUBJECT ADDED ENTRY--TOPICAL TERM | |
| Topical term or geographic name entry element | Finanzas |
| 9 (RLIN) | 13950 |
| 942 ## - ADDED ENTRY ELEMENTS (KOHA) | |
| Source of classification or shelving scheme | Dewey Decimal Classification |
| Koha item type | Books |
| Withdrawn status | Lost status | Source of classification or shelving scheme | Damaged status | Not for loan | Home library | Current library | Shelving location | Date acquired | Source of acquisition | Full call number | Barcode | Date last seen | Copy number | Price effective from | Koha item type |
|---|---|---|---|---|---|---|---|---|---|---|---|---|---|---|---|
| Dewey Decimal Classification | Biblioteca Pública José María del Castillo y Rada | Biblioteca Pública José María del Castillo y Rada | General Stacks | 02/25/2021 | Donación | 332.041 / C172o | 201811447 | 05/16/2024 | Ej.1 | 02/25/2021 | Books |